| 000 | 00372nam a2200145Ia 4500 | ||
|---|---|---|---|
| 008 | 150201s2003 xx 000 0 und d | ||
| 082 |
_a616.07 _bE2003S |
||
| 100 | _aSWAPAN KUMAR PURKIT | ||
| 245 | _aESSENTIAL OF ORAL PATHOLOGY | ||
| 250 | _a2ND | ||
| 260 |
_bJAYPEE MEDICAL PUBLISHER _aDELHI _c2003 |
||
| 300 | _a1-496 | ||
| 650 | _aORAL PATHOLOGY | ||
| 942 |
_2ddc _cBK _090 |
||
| 999 |
_c2821 _d2821 |
||